000 01912cam a2200421 i 4500
001 zz2005903541
003 NUKAT
005 20260428233036.0
008 050216s1938 pl |000 0 pol c
035 _a(OCoLC)749901972
035 _a(NUKAT)zz2005903541
040 _aKR 295/DR
_bpol
_erda
_cKR 295/DR
_dKR 295/DGR
_dGD U/KMs
_dWR O/PC
_dOLSZT 008/AL
100 1 _aSobieski, Wacław
_d(1872-1935).
_eAutor
_91298
245 1 0 _aDzieje Polski.
_nT. 2,
_p1696-1864 /
_cWacław Sobieski ; przejrzeli i uzupełnili: Kazimierz Marian Morawski (Czasy Saskie), Władysław Konopczyński (Panowanie Stanisława Augusta) i Janusz Iwaszkiewicz (1796-1864).
250 _aWydanie drugie - pośmiertne.
260 _aWarszawa :
_bWydawnictwo Zorza :
_bnakład i własność Jana Załuski,
_c1938
_e(Łomża :
_fDrukarnia Diecezjalna).
300 _a204, [1] strona ;
_c24 cm.
336 _aTekst
_btxt
_2rdacontent
337 _aBez urządzenia pośredniczącego
_bn
_2rdamedia
338 _aWolumin
_bnc
_2rdacarrier
380 _aKsiążki
591 _aWspółoprawne z: Dzieje Polski. T. 1, Do roku 1696. - Warszawa, 1938.
648 7 _a1601-1700
_2DBN
_936034
648 7 _a1701-1800
_2DBN
_936035
648 7 _a1801-1900
_2DBN
_936037
651 7 _aPolska
_2DBN
_935076
651 7 _aPolska
_y1697-1763 (Wettinowie).
_2kaba
_936517
651 4 _aPolska
_y1795-1864.
_2kaba
_914650
651 7 _aPolska
_y1764-1795 (Stanisław August Poniatowski).
_2kaba
_94265
658 _aHistoria
700 1 _aIwaszkiewicz, Janusz
_d(1879-1944).
_eOpracowanie
_940716
700 1 _aKonopczyński, Władysław
_d(1880-1952).
_eOpracowanie
_91649
700 1 _aMorawski, Kazimierz Marian
_d(1884-1944).
_eOpracowanie
_911517
700 1 _aZałuska, Jan
_d(1873-1941).
_eNakładca
_918628
710 2 _aDrukarnia "Zorza" (Warszawa).
_eWydawca
_4pbl
_940841
787 0 _tDzieje Polski. T. 1, Do roku 1696
_wzz2005900347
942 _2ddc
_cBK_NM
999 _c27858
_d27858